|
|
|
|
| LEADER |
01749nam a2200433 i 4500 |
| 001 |
nkc20162784951 |
| 003 |
CZ PrNK |
| 005 |
20160503134246.0 |
| 007 |
ta |
| 008 |
160317s2015 xr ai g 000 f cze |
| 015 |
|
|
|a cnb002784951
|
| 020 |
|
|
|a 978-80-88113-03-4
|q (brožováno)
|
| 035 |
|
|
|a (OCoLC)949216156
|
| 040 |
|
|
|a BOA001
|b cze
|d ABA001
|e rda
|
| 043 |
|
|
|a e-xr---
|b e-xr-jc
|2 czenas
|
| 072 |
|
7 |
|a 821.162.3-3
|x Česká próza
|2 Konspekt
|9 25
|
| 080 |
|
|
|a 821.162.3-34
|2 MRF
|
| 080 |
|
|
|a (437.319)
|2 MRF
|
| 080 |
|
|
|a (0:82-34)
|2 MRF
|
| 100 |
1 |
|
|a Beran, Stanislav,
|d 1977-
|7 mzk2003190522
|4 aut
|
| 245 |
1 |
0 |
|a Báje a pověsti :
|b Jindřichův Hradec, Nová Bystřice, Žirovnice, Kardašova Řečice, Jarošov nad Nežárkou, Stráž nad Nežárkou, Deštná a pět pověstí nově sepsaných /
|c uspořádala a redigovala Stanislava Zábrodská ; ilustroval a graficky upravil Tomáš Kadlec
|
| 250 |
|
|
|a Rozšířené druhé vydání
|
| 264 |
|
1 |
|a V Jindřichově Hradci :
|b Epika,
|c 2015
|
| 300 |
|
|
|a 218 stran :
|b ilustrace, erby ;
|c 20 cm
|
| 336 |
|
|
|a text
|b txt
|2 rdacontent
|
| 337 |
|
|
|a bez média
|b n
|2 rdamedia
|
| 338 |
|
|
|a svazek
|b nc
|2 rdacarrier
|
| 504 |
|
|
|a Obsahuje bibliografii
|
| 651 |
|
7 |
|a Jindřichův Hradec (Česko : oblast)
|7 ge129480
|2 czenas
|
| 651 |
|
9 |
|a Jindřichův Hradec Region (Czechia)
|2 eczenas
|
| 655 |
|
7 |
|a české pověsti
|7 fd201456
|2 czenas
|
| 655 |
|
9 |
|a Czech legends
|2 eczenas
|
| 700 |
1 |
|
|a Zábrodská, Stanislava,
|d 1951-
|7 ola2007364555
|4 edt
|
| 700 |
1 |
|
|a Kadlec, Tomáš,
|d 1985-
|7 xx0170360
|4 ill
|
| 910 |
2 |
|
|a BOA001
|b 1-1365.138
|
| 990 |
|
|
|a BK
|
| 995 |
|
|
|a 01
|
| 991 |
|
|
|b 201603
|c NOV
|
| 996 |
6 |
|
|b 2610665066
|c 1-1365.138
|l MZK
|r Sklad / do 1 hodiny
|n 2
|p p.v.
|w 001553127
|u 000010
|a 1
|e BOA001
|j MZK50
|s P
|